The resurrection of Jesus Christ: (Record no. 7592)

000 -LEADER
fixed length control field 00589nam a2200181 a 4500
001 - CONTROL NUMBER
control field :::00005353$&:&@@
003 - CONTROL NUMBER IDENTIFIER
control field OkBaRHE
005 - DATE AND TIME OF LATEST TRANSACTION
control field 20000607103325.0
008 - FIXED-LENGTH DATA ELEMENTS--GENERAL INFORMATION
fixed length control field s1930 j 000 0 eng u
040 ## - CATALOGING SOURCE
Transcribing agency
100 1# - MAIN ENTRY--PERSONAL NAME
Personal name Hill, William Bancroft.
245 14 - TITLE STATEMENT
Title The resurrection of Jesus Christ:
Remainder of title a new study of an old problem.
260 ## - PUBLICATION, DISTRIBUTION, ETC. (IMPRINT)
Place of publication, distribution, etc New York, NY., :
Name of publisher, distributor, etc Fleming H. Revell Co.
Date of publication, distribution, etc c1930
300 ## - PHYSICAL DESCRIPTION
Extent 160 p. ;
Dimensions 20 cm.
650 ## - SUBJECT ADDED ENTRY--TOPICAL TERM
Topical term or geographic name as entry element Jesus Christ
General subdivision Resurrection
942 ## - ADDED ENTRY ELEMENTS (KOHA)
Source of classification or shelving scheme
Koha item type Books
Copies
Lost status Copy number Source of classification or shelving scheme Koha item type Withdrawn status Not for loan Price effective from Full call number Damaged status Date last seen Permanent Location Date acquired Barcode Shelving location
 1 Books  2010-04-14BT 481 .H5 2010-04-14RHEMA Bible Training College2010-04-145353General Stacks